<?xml version="1.0" encoding="UTF-8"?>
<record
    xmlns:xsi="http://www.w3.org/2001/XMLSchema-instance"
    xsi:schemaLocation="http://www.loc.gov/MARC21/slim http://www.loc.gov/standards/marcxml/schema/MARC21slim.xsd"
    xmlns="http://www.loc.gov/MARC21/slim">

  <leader>00848nam a22001577a 4500</leader>
  <controlfield tag="003">LRUA</controlfield>
  <controlfield tag="005">20220808152136.0</controlfield>
  <controlfield tag="008">220808b        xxu||||| |||| 00| 0 eng d</controlfield>
  <datafield tag="040" ind1=" " ind2=" ">
    <subfield code="c">RUA </subfield>
  </datafield>
  <datafield tag="082" ind1=" " ind2=" ">
    <subfield code="2">AGE SAL 2019 B659 Or.</subfield>
  </datafield>
  <datafield tag="100" ind1=" " ind2=" ">
    <subfield code="9">15018</subfield>
    <subfield code="a">SALES MATLY,&#x179F;&#x17B6;&#x17A1;&#x17C1;&#x179F; &#x1798;&#x17C9;&#x17B6;&#x178F;&#x17CB;&#x179B;&#x17B8;</subfield>
  </datafield>
  <datafield tag="245" ind1=" " ind2=" ">
    <subfield code="a">evaluating effectiveness of differnt seeders and effects of weed control on phka rumduol rice yield.&#x1780;&#x17B6;&#x179A;&#x179C;&#x17B6;&#x1799;&#x178F;&#x1798;&#x17D2;&#x179B;&#x17C3;&#x1796;&#x17B8;&#x1794;&#x17D2;&#x179A;&#x179F;&#x17B7;&#x1791;&#x17D2;&#x1792;&#x1797;&#x17B6;&#x1796;&#x1793;&#x17C3;&#x17A7;&#x179F;&#x17D2;&#x1798;&#x17D0;&#x1793;&#x17A7;&#x1794;&#x1780;&#x179A;&#x178E;&#x17CD;&#x178A;&#x17B6;&#x17C6;&#x1782;&#x17D2;&#x179A;&#x17B6;&#x1794;&#x17CB;&#x179F;&#x17D2;&#x179A;&#x17BC;&#x179C;&#x1795;&#x17D2;&#x179F;&#x17C1;&#x1784;&#x1782;&#x17D2;&#x1793;&#x17B6; &#x1793;&#x17B7;&#x1784;&#x200C;&#x17A5;&#x1791;&#x17D2;&#x1792;&#x17B8;&#x1796;&#x179B;&#x1793;&#x17C3;&#x1780;&#x17B6;&#x179A;&#x1782;&#x17D2;&#x179A;&#x1794;&#x17CB;&#x1782;&#x17D2;&#x179A;&#x1784;&#x179F;&#x17D2;&#x1798;&#x17C5;&#x179B;&#x17BE;&#x1791;&#x17B7;&#x1793;&#x17D2;&#x1792;&#x1795;&#x179B;&#x179F;&#x17D2;&#x179A;&#x17BC;&#x179C;&#x1795;&#x17D2;&#x1780;&#x17B6;&#x179A;&#x17C6;&#x178A;&#x17BD;&#x179B;</subfield>
  </datafield>
  <datafield tag="260" ind1=" " ind2=" ">
    <subfield code="a">phnom penh </subfield>
    <subfield code="b">RUA </subfield>
    <subfield code="c">2019</subfield>
  </datafield>
  <datafield tag="300" ind1=" " ind2=" ">
    <subfield code="a">ill,</subfield>
    <subfield code="b">xiii,71p.,</subfield>
    <subfield code="c">29cm,</subfield>
  </datafield>
  <datafield tag="942" ind1=" " ind2=" ">
    <subfield code="2">ddc</subfield>
    <subfield code="c">AGE</subfield>
  </datafield>
  <datafield tag="999" ind1=" " ind2=" ">
    <subfield code="c">20239</subfield>
    <subfield code="d">20239</subfield>
  </datafield>
  <datafield tag="952" ind1=" " ind2=" ">
    <subfield code="0">0</subfield>
    <subfield code="1">0</subfield>
    <subfield code="2">ddc</subfield>
    <subfield code="4">0</subfield>
    <subfield code="6">AGE_SAL_2019_000000000000000_B659_OR</subfield>
    <subfield code="7">0</subfield>
    <subfield code="9">90151</subfield>
    <subfield code="a">LBB</subfield>
    <subfield code="b">LBB</subfield>
    <subfield code="c">B659</subfield>
    <subfield code="d">2022-08-08</subfield>
    <subfield code="o">AGE SAL 2019 B659 Or.</subfield>
    <subfield code="p">A069318</subfield>
    <subfield code="r">2022-08-08</subfield>
    <subfield code="w">2022-08-08</subfield>
    <subfield code="y">AGE</subfield>
  </datafield>
  <datafield tag="952" ind1=" " ind2=" ">
    <subfield code="0">0</subfield>
    <subfield code="1">0</subfield>
    <subfield code="2">ddc</subfield>
    <subfield code="4">0</subfield>
    <subfield code="6">AGE_SAL_2019_000000000000000_B659_OR</subfield>
    <subfield code="7">0</subfield>
    <subfield code="9">90152</subfield>
    <subfield code="a">LBB</subfield>
    <subfield code="b">LBB</subfield>
    <subfield code="c">B659</subfield>
    <subfield code="d">2022-08-08</subfield>
    <subfield code="o">AGE SAL 2019 B659 Or.</subfield>
    <subfield code="p">A069410</subfield>
    <subfield code="r">2022-08-08</subfield>
    <subfield code="w">2022-08-08</subfield>
    <subfield code="y">AGE</subfield>
  </datafield>
  <datafield tag="952" ind1=" " ind2=" ">
    <subfield code="0">0</subfield>
    <subfield code="1">0</subfield>
    <subfield code="2">ddc</subfield>
    <subfield code="4">0</subfield>
    <subfield code="6">AGE_SAL_2019_000000000000000_B659_OR</subfield>
    <subfield code="7">0</subfield>
    <subfield code="9">90153</subfield>
    <subfield code="a">LBB</subfield>
    <subfield code="b">LBB</subfield>
    <subfield code="c">B659</subfield>
    <subfield code="d">2022-08-08</subfield>
    <subfield code="o">AGE SAL 2019 B659 Or.</subfield>
    <subfield code="p">A069386</subfield>
    <subfield code="r">2022-08-08</subfield>
    <subfield code="w">2022-08-08</subfield>
    <subfield code="y">AGE</subfield>
  </datafield>
  <datafield tag="952" ind1=" " ind2=" ">
    <subfield code="0">0</subfield>
    <subfield code="1">0</subfield>
    <subfield code="2">ddc</subfield>
    <subfield code="4">0</subfield>
    <subfield code="6">AGE_SAL_2019_000000000000000_B659_OR</subfield>
    <subfield code="7">0</subfield>
    <subfield code="9">90154</subfield>
    <subfield code="a">LBB</subfield>
    <subfield code="b">LBB</subfield>
    <subfield code="c">B659</subfield>
    <subfield code="d">2022-08-08</subfield>
    <subfield code="o">AGE SAL 2019 B659 Or.</subfield>
    <subfield code="p">A069166</subfield>
    <subfield code="r">2022-08-08</subfield>
    <subfield code="w">2022-08-08</subfield>
    <subfield code="y">AGE</subfield>
  </datafield>
  <datafield tag="952" ind1=" " ind2=" ">
    <subfield code="0">0</subfield>
    <subfield code="1">0</subfield>
    <subfield code="2">ddc</subfield>
    <subfield code="4">0</subfield>
    <subfield code="6">AGE_SAL_2019_000000000000000_B659_OR</subfield>
    <subfield code="7">0</subfield>
    <subfield code="9">90155</subfield>
    <subfield code="a">LBB</subfield>
    <subfield code="b">LBB</subfield>
    <subfield code="c">B659</subfield>
    <subfield code="d">2022-08-08</subfield>
    <subfield code="o">AGE SAL 2019 B659 Or.</subfield>
    <subfield code="p">A069254</subfield>
    <subfield code="r">2022-08-08</subfield>
    <subfield code="w">2022-08-08</subfield>
    <subfield code="y">AGE</subfield>
  </datafield>
</record>
